| 000 | 00705cam a2200181 i 4500 | ||
|---|---|---|---|
| 005 | 20251109093101.0 | ||
| 008 | 250721s2003 xx 000 0 ara d | ||
| 020 | _a9957073958 | ||
| 082 | 1 | 4 |
_a155.4 _bس ي د |
| 100 | 1 |
_aالسيد، خالد عبد الرزاق _eمؤلف. |
|
| 245 | 1 | 0 |
_aسيكولوجية اللعب لدى الأطفال العاديين والمعاقين / _cالدكتور خالد عبدالرازق السيد. |
| 264 | 3 | 1 |
_aعمان : _bدار الفكر للنشر و التوزيع، _c2003. |
| 300 | _a276 صفحة. | ||
| 650 | 1 | 7 | _aسيكولوجية الطفولة. |
| 650 | 1 | 7 | _aسيكولوجية اللعب. |
| 942 |
_2ddc _cBK |
||
| 999 |
_c92194 _d92194 |
||